A-Z handbook of diet & exercise / (Record no. 164032)

MARC details
000 -LEADER
fixed length control field 00468nam a22001697a 4500
005 - DATE AND TIME OF LATEST TRANSACTION
control field 20190508163507.0
010 ## - LCCN (DPL NO)
LC control number B-224908
020 ## - INTERNATIONAL STANDARD BOOK NUMBER
International Standard Book Number 8175241101
Terms of availability 500.00
035 ## - SYSTEM CONTROL NUMBER
System control number B-224908
037 ## - SOURCE OF ACQUISITION
Source of stock number/acquisition Khel Sahitya Kendra
082 ## - DEWEY DECIMAL CLASSIFICATION NUMBER
Classification number 613.7
100 ## - MAIN ENTRY--PERSONAL NAME
Personal name Kirtani, Reema
245 ## - TITLE STATEMENT
Title A-Z handbook of diet & exercise /
Statement of responsibility, etc Reema Kirtani
260 ## - PUBLICATION, DISTRIBUTION, ETC. (IMPRINT)
Place of publication, distribution, etc New Delhi
Name of publisher, distributor, etc Khel Sahitya Kendra
Date of publication, distribution, etc 2005
300 ## - PHYSICAL DESCRIPTION
Extent 351p.
Dimensions 22cm(hbk)
942 ## - ADDED ENTRY ELEMENTS (KOHA)
Source of classification or shelving scheme Dewey Decimal Classification
Item type English Books
Classification part 613.7
Call number suffix KIR
Holdings
Withdrawn status Lost status Not for loan Collection code Home library Current library Date acquired Full call number Barcode Koha item type
      Non-fiction Sarojini Nagar Sarojini Nagar 08/05/2019 613.7 KIR B-224908 English Books

© Delhi Public Library
Hit Counter
free hit counter